000 00343nam a2200133Ia 4500
008 151001s9999||||xx |||||||||||||| ||und||
100 _aव बा बोधे
245 _aचांगभल
250 _a1
260 _bगुलमोहर प्रकाशन सातारा
260 _c1982
300 _a204
365 _b21
999 _c961812
_d961809